000 01582cam a2200289 a 4500
999 _c17120
_d17120
008 101221s2011 vaua b 001 0 eng
010 _a 2010051018
020 _a1416611509 (pbk. : alk. paper)
020 _a9781416611509 (pbk. : alk. paper)
050 0 0 _aLC1390 .C54 2011
100 1 _aCleveland, Kathleen Palmer.
245 1 0 _aTeaching boys who struggle in school :
_bstrategies that turn underachievers into successful learners /
_cKathleen Palmer Cleveland.
260 _aAlexandria, Va. :
_bASCD,
_cc2011.
300 _aix, 233 p. :
_bill. :
_c23 cm.
504 _aIncludes bibliographical references (p. 220-225) and index.
650 0 _aBoys
_xEducation.
650 0 _aUnderachievers
_xEducation.
650 0 _aAcademic achievement.
942 _2lcc
_cBOOKS
_hLC1390 .C54 2011